[Event "DVM U16 2019"]
[Site "Magdeburg GER"]
[Date "2019.12.29"]
[Round "5"]
[White "Baranyai-Molnar, Adam-Kristof"]
[Black "Grunwald, Jonathan"]
[Result "1-0"]
[Termination "normal"]
[Board "3.3"]
[WhiteElo "1756"]
[BlackElo "1815"]
[WhiteClock "00:58:47"]
[BlackClock "00:08:48"]
[WhiteTeam "SF Neuberg"]
[BlackTeam "Biebertaler Schachfreunde"]
[PlyCount "143"]
[WhiteFideId "768022"]
[BlackFideId "12955744"]
[EventCountry "GER"]
[EventRounds "7"]
[EventType "team-swiss"]
[EventDate "2019.12.26"]

1. e4 {[%clk 1:30:59]} e5 {[%clk 1:30:53]} 2. Nf3 {[%clk 1:31:26]} Nc6 {[%clk
1:31:13]} 3. Bc4 {[%clk 1:31:53]} Nf6 {[%clk 1:31:37]} 4. Nc3 {[%clk 1:32:18]}
Be7 {[%clk 1:31:55]} 5. O-O {[%clk 1:31:53]} d6 {[%clk 1:30:57]} 6. d4 {[%clk
1:26:11]} Bg4 {[%clk 1:29:03]} 7. dxe5 {[%clk 1:25:52]} Nxe5 {[%clk 1:28:57]}
8. Be2 {[%clk 1:26:17]} Bxf3 {[%clk 1:21:35]} 9. Bxf3 {[%clk 1:26:42]} h6
{[%clk 1:21:27]} 10. h4 {[%clk 1:18:00]} Nh7 {[%clk 1:02:09]} 11. Be2 {[%clk
1:17:40]} Bxh4 {[%clk 0:58:29]} 12. f4 {[%clk 1:17:55]} Bg3 {[%clk 0:46:32]}
13. Bg4 {[%clk 1:18:17]} Qh4 {[%clk 0:45:21]} 14. Bh3 {[%clk 1:18:42]} Nc6
{[%clk 0:40:00]} 15. Nd5 {[%clk 1:18:28]} O-O {[%clk 0:39:17]} 16. Nxc7 {[%clk
1:12:24]} Rad8 {[%clk 0:39:17]} 17. Qd3 {[%clk 1:11:20]} Nf6 {[%clk 0:36:28]}
18. Rf3 {[%clk 1:10:55]} Nb4 {[%clk 0:32:04]} 19. Qb3 {[%clk 1:09:18]} Be1
{[%clk 0:28:48]} 20. c3 {[%clk 0:59:27]} Na6 {[%clk 0:24:17]} 21. Nxa6 {[%clk
0:59:03]} bxa6 {[%clk 0:24:40]} 22. Bf5 {[%clk 0:58:03]} Bg3 {[%clk 0:23:46]}
23. Be3 {[%clk 0:50:08]} d5 {[%clk 0:21:20]} 24. e5 {[%clk 0:48:37]} Ne4 {[%clk
0:20:28]} 25. Bh3 {[%clk 0:48:54]} Rd7 {[%clk 0:11:57]} 26. Rd1 {[%clk
0:44:10]} Rfd8 {[%clk 0:12:10]} 27. Kf1 {[%clk 0:40:41]} Kh8 {[%clk 0:06:58]}
28. Ke2 {[%clk 0:39:53]} Qe7 {[%clk 0:06:26]} 29. Bxd7 {[%clk 0:39:47]} Qxd7
{[%clk 0:06:43]} 30. c4 {[%clk 0:39:11]} Bh4 {[%clk 0:06:29]} 31. Rxd5 {[%clk
0:39:21]} Qg4 {[%clk 0:06:36]} 32. Rxd8+ {[%clk 0:39:46]} Bxd8 {[%clk 0:07:01]}
33. Qb8 {[%clk 0:39:18]} Qh4 {[%clk 0:07:01]} 34. g3 {[%clk 0:39:17]} Qe7
{[%clk 0:07:05]} 35. Qxa7 {[%clk 0:39:21]} Qb4 {[%clk 0:06:56]} 36. Qd4 {[%clk
0:39:39]} Ba5 {[%clk 0:06:32]} 37. Bd2 {[%clk 0:38:14]} Nxd2 {[%clk 0:04:31]}
38. Ra3 {[%clk 0:38:29]} Ne4 {[%clk 0:03:22]} 39. Rxa5 {[%clk 0:35:47]} Nxg3+
{[%clk 0:03:26]} 40. Kf3 {[%clk 0:36:11]} Qxa5 {[%clk 0:03:24]} 41. Kxg3 {[%clk
0:36:36]} Qxa2 {[%clk 0:03:24]} 42. Qc3 {[%clk 0:35:15]} Qb1 {[%clk 0:01:00]}
43. c5 {[%clk 0:34:02]} Qg6+ {[%clk 0:29:10]} 44. Kf3 {[%clk 1:04:15]} Qc6+
{[%clk 0:29:34]} 45. Ke3 {[%clk 1:04:41]} h5 {[%clk 0:24:22]} 46. Qd4 {[%clk
1:05:04]} Qg2 {[%clk 0:23:57]} 47. Qd2 {[%clk 1:03:05]} Qg1+ {[%clk 0:21:25]}
48. Qf2 {[%clk 1:03:28]} Qc1+ {[%clk 0:21:38]} 49. Ke4 {[%clk 1:02:06]} Qh1+
{[%clk 0:20:33]} 50. Qf3 {[%clk 1:02:10]} Qb1+ {[%clk 0:19:56]} 51. Kd5 {[%clk
1:02:20]} Qa2+ {[%clk 0:18:31]} 52. b3 {[%clk 1:02:40]} Qd2+ {[%clk 0:18:44]}
53. Kc6 {[%clk 1:02:45]} Qd8 {[%clk 0:16:38]} 54. Kb7 {[%clk 1:01:17]} Qe7+
{[%clk 0:13:55]} 55. Kb6 {[%clk 1:01:35]} Qd8+ {[%clk 0:11:34]} 56. Kxa6 {[%clk
1:01:55]} Qc8+ {[%clk 0:11:54]} 57. Kb5 {[%clk 1:02:17]} Qb8+ {[%clk 0:12:12]}
58. Kc4 {[%clk 1:02:41]} g6 {[%clk 0:12:28]} 59. b4 {[%clk 1:02:56]} Qa7 {[%clk
0:12:31]} 60. Qb3 {[%clk 1:02:33]} Qb7 {[%clk 0:12:00]} 61. Qc2 {[%clk
1:02:34]} Qf3 {[%clk 0:11:25]} 62. Qd2 {[%clk 1:01:38]} Qf1+ {[%clk 0:11:26]}
63. Kb3 {[%clk 1:00:42]} Qf3+ {[%clk 0:11:23]} 64. Kb2 {[%clk 0:58:22]} Qb7
{[%clk 0:11:00]} 65. Qd4 {[%clk 0:57:50]} Qg2+ {[%clk 0:10:26]} 66. Kc3 {[%clk
0:57:36]} Qc6 {[%clk 0:09:29]} 67. e6+ {[%clk 0:57:15]} Kg8 {[%clk 0:09:02]}
68. Qd8+ {[%clk 0:57:30]} Kg7 {[%clk 0:09:14]} 69. e7 {[%clk 0:57:55]} Qf3+
{[%clk 0:09:20]} 70. Qd3 {[%clk 0:58:00]} Qc6 {[%clk 0:09:27]} 71. Qe3 {[%clk
0:58:24]} Qe8 {[%clk 0:08:48]} 72. b5 {[%clk 0:58:47]} 1-0

[Event "DVM U16 2019"]
[Site "Magdeburg GER"]
[Date "2019.12.29"]
[Round "5"]
[White "Klühs, Gustaf"]
[Black "Bosselmann, Tom Linus"]
[Result "1/2-1/2"]
[Termination "normal"]
[Board "5.1"]
[WhiteElo "1865"]
[BlackElo "2077"]
[WhiteTeam "SC Borussia Lichtenberg"]
[BlackTeam "Lübecker SV von 1873"]
[PlyCount "68"]
[WhiteFideId "16228936"]
[BlackFideId "12983845"]
[EventCountry "GER"]
[EventRounds "7"]
[EventType "team-swiss"]
[EventDate "2019.12.26"]

1. Nf3 Nf6 2. g3 g6 3. Bg2 Bg7 4. O-O O-O 5. c4 d6 6. Nc3 Nc6 7. d3 e5 8. Rb1
Nh5 9. b4 f5 10. Bd2 f4 11. b5 Ne7 12. a4 h6 13. Ne1 Rb8 14. a5 Be6 15. Nc2 Qd7
16. Nb4 Bh3 17. a6 fxg3 18. fxg3 Bxg2 19. Kxg2 b6 20. Ncd5 Nxd5 21. Nxd5 Rxf1
22. Qxf1 Rf8 23. Qg1 Qg4 24. Qe3 Nf4+ 25. Nxf4 exf4 26. Qf3 Qxf3+ 27. exf3 fxg3
28. hxg3 Re8 29. Re1 Rxe1 30. Bxe1 Kf7 31. f4 Ke6 32. Kf3 d5 33. Bf2 Kd6 34.
Bg1 Bf6 1/2-1/2

[Event "DVM U16 2019"]
[Site "Magdeburg GER"]
[Date "2019.12.29"]
[Round "5"]
[White "Rietschel, Tilo"]
[Black "Kraft, Adrian"]
[Result "1-0"]
[Termination "normal"]
[Board "5.2"]
[WhiteElo "2005"]
[BlackElo "1715"]
[WhiteTeam "Lübecker SV von 1873"]
[BlackTeam "SC Borussia Lichtenberg"]
[PlyCount "47"]
[WhiteFideId "16208390"]
[BlackFideId "16235010"]
[EventCountry "GER"]
[EventRounds "7"]
[EventType "team-swiss"]
[EventDate "2019.12.26"]

1. e4 g6 2. d4 Bg7 3. Nc3 d5 4. e5 f6 5. f4 Nh6 6. Nf3 O-O 7. Be2 e6 8. O-O
fxe5 9. Nxe5 Nf5 10. Bg4 Nd7 11. Bxf5 gxf5 12. Be3 Nxe5 13. fxe5 Rf7 14. Ne2
Bd7 15. Nf4 Qe7 16. Rf3 b6 17. Rg3 c5 18. Nh5 Kh8 19. Bg5 Qf8 20. Nxg7 f4 21.
Rg4 f3 22. gxf3 Rxf3 23. Nh5 Bb5 24. Bf6+ 1-0

[Event "DVM U16 2019"]
[Site "Magdeburg GER"]
[Date "2019.12.29"]
[Round "5"]
[White "Katzenbach, Linus"]
[Black "Glinzner, Alva"]
[Result "1/2-1/2"]
[Termination "normal"]
[Board "5.3"]
[WhiteElo "1672"]
[BlackElo "1812"]
[WhiteTeam "SC Borussia Lichtenberg"]
[BlackTeam "Lübecker SV von 1873"]
[PlyCount "54"]
[WhiteFideId "16257537"]
[BlackFideId "16206169"]
[EventCountry "GER"]
[EventRounds "7"]
[EventType "team-swiss"]
[EventDate "2019.12.26"]

1. e4 c6 2. d4 d5 3. Nc3 dxe4 4. Nxe4 Bf5 5. Ng3 Bg6 6. h4 h6 7. Nf3 Nd7 8. h5
Bh7 9. Bd3 Bxd3 10. Qxd3 Ngf6 11. Bd2 e6 12. O-O-O Be7 13. Ne4 Nxe4 14. Qxe4
Nf6 15. Qe2 Qd5 16. c4 Qe4 17. Qxe4 Nxe4 18. Be3 O-O 19. Ne5 Rfd8 20. g4 Rac8
21. Kc2 Rd6 22. Kd3 Nf6 23. Ke2 Nd7 24. Bf4 Nf8 25. Be3 f6 26. Nd3 Kf7 27. Rd2
Rdd8 1/2-1/2

[Event "DVM U16 2019"]
[Site "Magdeburg GER"]
[Date "2019.12.29"]
[Round "5"]
[White "Bornholdt, Joa Max"]
[Black "Gillmeister, Gino"]
[Result "1-0"]
[Termination "normal"]
[Board "5.4"]
[WhiteElo "1890"]
[BlackElo "1599"]
[WhiteTeam "Lübecker SV von 1873"]
[BlackTeam "SC Borussia Lichtenberg"]
[PlyCount "119"]
[WhiteFideId "16253477"]
[BlackFideId "16224914"]
[EventCountry "GER"]
[EventRounds "7"]
[EventType "team-swiss"]
[EventDate "2019.12.26"]

1. g3 b6 2. Bg2 d5 3. c4 e6 4. Nf3 Nf6 5. O-O Bb7 6. b3 Be7 7. Bb2 O-O 8. Qc2
Nbd7 9. Rd1 c5 10. cxd5 Nxd5 11. a3 Rc8 12. d3 Bf6 13. Nbd2 Bxb2 14. Qxb2 b5
15. Ne4 Qe7 16. Ne5 Rc7 17. Rac1 Rfc8 18. h4 f6 19. Nxd7 Qxd7 20. b4 cxb4 21.
Rxc7 Qxc7 22. axb4 Qc2 23. Rd2 Qxb2 24. Rxb2 Rc1+ 25. Kh2 Kf8 26. Nc5 Bc8 27.
Bxd5 exd5 28. Ra2 a6 29. Nxa6 Bxa6 30. Rxa6 Rb1 31. Rd6 Rxb4 32. Rxd5 Rb2 33.
Kg2 Rxe2 34. Rxb5 Ra2 35. Kf3 Ra4 36. Ke3 Ra3 37. g4 Ra1 38. d4 Re1+ 39. Kf4
Rd1 40. Ke4 Re1+ 41. Kf5 Re2 42. f3 Re1 43. Rb3 Re2 44. h5 Re7 45. h6 Kf7 46.
hxg7 Kxg7 47. Rb6 Rd7 48. Ke4 Ra7 49. d5 Re7+ 50. Re6 Rd7 51. d6 Ra7 52. Kd5
Kf7 53. Re3 Ra1 54. Re7+ Kg6 55. d7 Rd1+ 56. Kc6 h5 57. gxh5+ Kxh5 58. Kc7 Rc1+
59. Kd8 Kg5 60. Ke8 1-0

[Event "DVM U16 2019"]
[Site "Magdeburg GER"]
[Date "2019.12.29"]
[Round "5"]
[White "Koll, Linus"]
[Black "Brockhoff, Moritz"]
[Result "1-0"]
[Termination "normal"]
[Board "6.1"]
[WhiteElo "1987"]
[BlackElo "2014"]
[WhiteTeam "Karlsruher SF 1853"]
[BlackTeam "SK Blauer Springer Paderborn 1926 e. V."]
[PlyCount "73"]
[WhiteFideId "12990299"]
[BlackFideId "16214927"]
[EventCountry "GER"]
[EventRounds "7"]
[EventType "team-swiss"]
[EventDate "2019.12.26"]

1. e4 d6 2. d4 Nf6 3. Nc3 g6 4. f4 Bg7 5. Nf3 c5 6. Bb5+ Bd7 7. e5 Ng4 8. Bxd7+
Qxd7 9. h3 Nh6 10. dxc5 dxc5 11. O-O Nf5 12. Ne4 Qc6 13. Re1 Na6 14. c3 h5 15.
Qe2 Rd8 16. Qf2 h4 17. Neg5 e6 18. Be3 b6 19. Rad1 Rxd1 20. Rxd1 Nc7 21. c4 Na6
22. Qd2 O-O 23. Bf2 Bh6 24. Qd7 Nb4 25. Qxa7 Bxg5 26. Nxg5 Nc2 27. Qd7 Qa8 28.
Qd2 Ncd4 29. Bxd4 Nxd4 30. Qf2 Nf5 31. b3 Rd8 32. Qe1 Rxd1 33. Qxd1 Qxg2+ 34.
Kxg2 Ne3+ 35. Kf3 Nxd1 36. Ne4 Nb2 37. Ke2 1-0

[Event "DVM U16 2019"]
[Site "Magdeburg GER"]
[Date "2019.12.29"]
[Round "5"]
[White "Stirnberg, Noah"]
[Black "Fidlin, Simon"]
[Result "1-0"]
[Termination "normal"]
[Board "6.2"]
[WhiteElo "1877"]
[BlackElo "1907"]
[WhiteTeam "SK Blauer Springer Paderborn 1926 e. V."]
[BlackTeam "Karlsruher SF 1853"]
[PlyCount "113"]
[WhiteFideId "16207742"]
[BlackFideId "16217535"]
[EventCountry "GER"]
[EventRounds "7"]
[EventType "team-swiss"]
[EventDate "2019.12.26"]

1. e4 e6 2. d4 d5 3. Nc3 Bb4 4. e5 c5 5. a3 Bxc3+ 6. bxc3 Qa5 7. Bd2 Qa4 8. Qg4
Kf8 9. Be2 Nc6 10. Nf3 Nge7 11. O-O Qxc2 12. Qf4 Qf5 13. Qe3 h6 14. Bd3 Qh5 15.
h3 c4 16. Bc2 f5 17. exf6 gxf6 18. Qf4 Qf7 19. Qd6 Ke8 20. Rab1 b6 21. Rfe1 Bd7
22. Re2 Nd8 23. Rbe1 Rc8 24. Qf4 Qg7 25. Nh4 Kf8 26. Qd6 Be8 27. Nf5 Qf7 28.
Bxh6+ Rxh6 29. Nxh6 Qg7 30. Nf5 Qf7 31. Qf4 Nxf5 32. Bxf5 Bd7 33. Bc2 b5 34.
Re3 Ke7 35. Rg3 Nb7 36. Bg6 Qf8 37. h4 Nd6 38. h5 Be8 39. Rge3 Qg8 40. Rg3 Bxg6
41. Rxg6 Qh8 42. h6 Rg8 43. Qg4 Rxg6 44. Qxg6 Ne4 45. h7 Kf8 46. Qh6+ Kf7 47.
Re3 Ng5 48. f4 Nxh7 49. Rh3 Kg8 50. Rg3+ Kf7 51. Qg6+ Kf8 52. Rh3 Qg7 53. Qxh7
Qg4 54. Qh8+ Ke7 55. Rh7+ Kd6 56. Qd8+ Kc6 57. Qc7# 1-0

[Event "DVM U16 2019"]
[Site "Magdeburg GER"]
[Date "2019.12.29"]
[Round "5"]
[White "Kravtsov, Maksim"]
[Black "Janke, Julian"]
[Result "1/2-1/2"]
[Termination "normal"]
[Board "6.3"]
[WhiteElo "1784"]
[BlackElo "1659"]
[WhiteTeam "Karlsruher SF 1853"]
[BlackTeam "SK Blauer Springer Paderborn 1926 e. V."]
[PlyCount "45"]
[WhiteFideId "54173868"]
[BlackFideId "16229185"]
[EventCountry "GER"]
[EventRounds "7"]
[EventType "team-swiss"]
[EventDate "2019.12.26"]

1. d4 d5 2. Nf3 Bf5 3. c4 e6 4. Nc3 c6 5. e3 Nd7 6. Bd3 Bg6 7. O-O Ngf6 8. a3
a5 9. b3 Be7 10. Bb1 Qc7 11. Bb2 O-O 12. Qd2 Rfb8 13. Rc1 Nb6 14. cxd5 exd5 15.
Bxg6 hxg6 16. Ne5 Nbd7 17. f4 Qb6 18. Qc2 Rd8 19. Na4 Qb5 20. Nc3 Qb6 21. Na4
Qb5 22. Nc3 Qb6 23. Na4 1/2-1/2

[Event "DVM U16 2019"]
[Site "Magdeburg GER"]
[Date "2019.12.29"]
[Round "5"]
[White "Klahold, Rona"]
[Black "Wang, Xinyuan"]
[Result "0-1"]
[Termination "normal"]
[Board "6.4"]
[WhiteElo "1541"]
[BlackElo "1676"]
[WhiteTeam "SK Blauer Springer Paderborn 1926 e. V."]
[BlackTeam "Karlsruher SF 1853"]
[PlyCount "62"]
[WhiteFideId "16222970"]
[BlackFideId "16221494"]
[EventCountry "GER"]
[EventRounds "7"]
[EventType "team-swiss"]
[EventDate "2019.12.26"]

1. d4 Nf6 2. Bf4 e6 3. e3 c5 4. c3 d5 5. Nd2 Nc6 6. Bd3 Bd6 7. Bxd6 Qxd6 8.
Ngf3 O-O 9. h3 e5 10. dxe5 Nxe5 11. Nxe5 Qxe5 12. Qf3 Bd7 13. O-O Bc6 14. Qe2
a6 15. Rad1 Rfe8 16. Nf3 Qe7 17. Rfe1 Rad8 18. c4 Rd6 19. cxd5 Nxd5 20. Qc2 Nb4
21. Bxh7+ Kh8 22. Qxc5 Rxd1 23. Qxe7 Rxe1+ 24. Nxe1 Rxe7 25. Bb1 Rd7 26. Nc2
Rd1+ 27. Kh2 Nd3 28. Na3 Nxf2 29. Bc2 Rd2 30. Bb3 Nd3 31. Bxf7 Rxg2+ 0-1

[Event "DVM U16 2019"]
[Site "Magdeburg GER"]
[Date "2019.12.29"]
[Round "5"]
[White "Yi, Danny"]
[Black "Pahl, Erik"]
[Result "1/2-1/2"]
[Termination "normal"]
[Board "7.1"]
[WhiteElo "2182"]
[BlackElo "2030"]
[WhiteTeam "SF 59 Kornwestheim"]
[BlackTeam "Delmenhorster SK V 1931"]
[PlyCount "41"]
[WhiteFideId "12988588"]
[BlackFideId "16201272"]
[EventCountry "GER"]
[EventRounds "7"]
[EventType "team-swiss"]
[EventDate "2019.12.26"]

1. e4 c5 2. Nf3 d6 3. Bb5+ Bd7 4. Bxd7+ Nxd7 5. O-O Ngf6 6. Qe2 Rc8 7. b3 g6 8.
Bb2 Bg7 9. d4 cxd4 10. Nxd4 Nc5 11. Nd2 O-O 12. c4 a5 13. Rfd1 Qb6 14. Nb5 Rfd8
15. Rac1 Ne6 16. Nf1 Nc7 17. Bd4 Qa6 18. e5 dxe5 19. Qxe5 Ne6 20. Be3 Nd7 21.
Qg3 1/2-1/2

[Event "DVM U16 2019"]
[Site "Magdeburg GER"]
[Date "2019.12.29"]
[Round "5"]
[White "Pahl, Theis"]
[Black "Afonso, Nils"]
[Result "1-0"]
[Termination "normal"]
[Board "7.2"]
[WhiteElo "2022"]
[BlackElo "1955"]
[WhiteTeam "Delmenhorster SK V 1931"]
[BlackTeam "SF 59 Kornwestheim"]
[PlyCount "137"]
[WhiteFideId "16201264"]
[BlackFideId "12990582"]
[EventCountry "GER"]
[EventRounds "7"]
[EventType "team-swiss"]
[EventDate "2019.12.26"]

1. e4 e5 2. Nf3 Nc6 3. Bb5 a6 4. Ba4 Nf6 5. O-O Be7 6. d3 b5 7. Bb3 d6 8. a3
O-O 9. Nc3 Bg4 10. Be3 Na5 11. Ba2 c5 12. Nd5 Nc6 13. c3 Rc8 14. b4 Nd7 15. h3
Be6 16. Qd2 h6 17. d4 exd4 18. cxd4 Bxd5 19. Bxd5 c4 20. Qc2 Nf6 21. Bxc6 Rxc6
22. d5 Rc8 23. Nd4 Re8 24. Rae1 Bf8 25. Bd2 Nh5 26. g3 g6 27. Kg2 Bg7 28. Bc3
Qg5 29. Re3 Nf4+ 30. Kh2 Nd3 31. Nc6 h5 32. f4 Qh6 33. h4 Qh8 34. Bxg7 Qxg7 35.
Qe2 f6 36. Nd4 Qh6 37. Ne6 Re7 38. g4 hxg4 39. Qxg4 Kf7 40. Ng5+ Kg7 41. Qxc8
fxg5 42. fxg5 Qh8 43. Qxh8+ Kxh8 44. Kg3 Kg7 45. Rf6 Rd7 46. Ref3 Ne5 47. Rf1
Nd3 48. Kf3 Ne5+ 49. Ke2 Ng4 50. Re6 Ne5 51. Re8 Rc7 52. Rff8 Nd7 53. Rg8+ Kf7
54. Rc8 Rxc8 55. Rxc8 Ke7 56. Ra8 Ne5 57. Ra7+ Ke8 58. Rxa6 Kd7 59. Rb6 Kc7 60.
Rxb5 c3 61. a4 Nf3 62. Kd3 c2 63. Kxc2 Nxh4 64. a5 Nf3 65. Kc3 Nxg5 66. a6
Nxe4+ 67. Kd3 Nf6 68. a7 Nxd5 69. a8=Q 1-0

[Event "DVM U16 2019"]
[Site "Magdeburg GER"]
[Date "2019.12.29"]
[Round "5"]
[White "Kluge, Malte"]
[Black "Alhamid, Mohamad"]
[Result "1-0"]
[Termination "normal"]
[Board "7.3"]
[WhiteElo "1679"]
[BlackElo "1688"]
[WhiteTeam "SF 59 Kornwestheim"]
[BlackTeam "Delmenhorster SK V 1931"]
[PlyCount "29"]
[WhiteFideId "16243838"]
[BlackFideId "16235665"]
[EventCountry "GER"]
[EventRounds "7"]
[EventType "team-swiss"]
[EventDate "2019.12.26"]

1. d4 Nf6 2. c4 e6 3. g3 d5 4. Bg2 dxc4 5. Nf3 Nbd7 6. O-O Nb6 7. Qc2 c5 8. Re1
Qc7 9. Bf4 Qe7 10. Nc3 h6 11. Nb5 Nfd5 12. Nd6+ Kd7 13. dxc5 Nb4 14. Ne5+ Kc7
15. Nb5+ 1-0

[Event "DVM U16 2019"]
[Site "Magdeburg GER"]
[Date "2019.12.29"]
[Round "5"]
[White "Sinnhöfer, Joshua"]
[Black "Afonso, Phil"]
[Result "0-1"]
[Termination "normal"]
[Board "7.4"]
[WhiteElo "1654"]
[BlackElo "1650"]
[WhiteTeam "Delmenhorster SK V 1931"]
[BlackTeam "SF 59 Kornwestheim"]
[PlyCount "98"]
[WhiteFideId "16201361"]
[BlackFideId "16207475"]
[EventCountry "GER"]
[EventRounds "7"]
[EventType "team-swiss"]
[EventDate "2019.12.26"]

1. e4 e5 2. Nf3 Nc6 3. Bc4 Bc5 4. c3 Nf6 5. d4 exd4 6. cxd4 Bb4+ 7. Bd2 Nxe4 8.
Bxb4 Nxb4 9. Bxf7+ Kxf7 10. Qb3+ Kf8 11. Qxb4+ Qe7 12. Qxe7+ Kxe7 13. Nc3 Nxc3
14. bxc3 Re8 15. O-O-O c6 16. Rhe1+ Kf8 17. Rxe8+ Kxe8 18. Ng5 h6 19. Re1+ Kf8
20. Ne4 b6 21. Nd6 Ba6 22. Re3 Rd8 23. Rf3+ Kg8 24. c4 Rf8 25. Ra3 Rf6 26. Ne4
Rf4 27. f3 Bxc4 28. g3 Rf8 29. Rxa7 d5 30. Nd2 Rf7 31. Ra8+ Rf8 32. Rxf8+ Kxf8
33. Nxc4 dxc4 34. Kc2 Ke7 35. Kc3 b5 36. a3 Kd6 37. h4 c5 38. f4 Kd5 39. dxc5
Kxc5 40. g4 Kd5 41. g5 Ke4 42. gxh6 gxh6 43. a4 bxa4 44. Kb4 Kxf4 45. Kxa4 Kg4
46. Kb4 Kxh4 47. Kxc4 Kg3 48. Kd3 h5 49. Ke2 Kg2 0-1

[Event "DVM U16 2019"]
[Site "Magdeburg GER"]
[Date "2019.12.29"]
[Round "5"]
[White "Gubariev, Jakob"]
[Black "Liebold, Aaron"]
[Result "1-0"]
[Termination "normal"]
[Board "8.1"]
[WhiteElo "1896"]
[BlackElo "2001"]
[WhiteTeam "Schachfreunde Augsburg"]
[BlackTeam "ESV Gera"]
[PlyCount "139"]
[WhiteFideId "16216938"]
[BlackFideId "12997846"]
[EventCountry "GER"]
[EventRounds "7"]
[EventType "team-swiss"]
[EventDate "2019.12.26"]

1. e4 c5 2. Nf3 d6 3. d4 cxd4 4. Nxd4 Nf6 5. Nc3 a6 6. f3 e5 7. Nb3 Be6 8. Be3
Be7 9. Qd2 O-O 10. Nd5 Bxd5 11. exd5 Nbd7 12. Na5 Qc7 13. Be2 Bd8 14. b4 b5 15.
a4 Nb6 16. Bxb6 Qxb6 17. Nc6 Rc8 18. axb5 axb5 19. c4 bxc4 20. Bxc4 Rxc6 21.
dxc6 Qxc6 22. Rc1 Qb6 23. Ke2 e4 24. Rhd1 exf3+ 25. gxf3 Re8+ 26. Kf1 Qb7 27.
Bd5 Qb5+ 28. Bc4 Qf5 29. Qf2 d5 30. Bd3 Qh3+ 31. Qg2 Qh4 32. b5 Ba5 33. Qg3 Qh6
34. Rc6 Nh5 35. Qg4 g6 36. b6 Nf4 37. Qg3 Nxd3 38. Rxd3 Re1+ 39. Qxe1 Qh3+ 40.
Ke2 Bxe1 41. b7 Qxh2+ 42. Kxe1 Qe5+ 43. Kd1 Qa1+ 44. Rc1 Qa4+ 45. Rc2 Qb5 46.
Rc8+ Kg7 47. b8=Q Qxd3+ 48. Kc1 Qf1+ 49. Kb2 Qf2+ 50. Rc2 Qxf3 51. Qe5+ Qf6 52.
Re2 Qxe5+ 53. Rxe5 f5 54. Kc3 Kf6 55. Rxd5 Kg5 56. Kd3 Kg4 57. Ke2 h5 58. Kf2
g5 59. Kg2 Kf4 60. Rd4+ Ke3 61. Ra4 h4 62. Kh3 Kf3 63. Ra3+ Kf4 64. Ra8 Ke5 65.
Ra6 g4+ 66. Kxh4 Kf4 67. Ra3 Ke5 68. Ra4 Kf6 69. Kg3 Kg5 70. Ra5 1-0

[Event "DVM U16 2019"]
[Site "Magdeburg GER"]
[Date "2019.12.29"]
[Round "5"]
[White "Helmsdorf, Marius"]
[Black "Brückner, Alexander"]
[Result "0-1"]
[Termination "normal"]
[Board "8.2"]
[WhiteElo "1574"]
[BlackElo "1876"]
[WhiteTeam "ESV Gera"]
[BlackTeam "Schachfreunde Augsburg"]
[PlyCount "48"]
[WhiteFideId "16274873"]
[BlackFideId "12952613"]
[EventCountry "GER"]
[EventRounds "7"]
[EventType "team-swiss"]
[EventDate "2019.12.26"]

1. c4 e5 2. g3 Nc6 3. Bg2 d6 4. Nc3 Be6 5. d3 Qd7 6. Nf3 Bh3 7. O-O h5 8. Re1
h4 9. Bh1 hxg3 10. fxg3 Bg4 11. Nd5 Nd8 12. a3 c6 13. Nc3 Ne6 14. Ng5 Nxg5 15.
Bxg5 d5 16. b4 Qf5 17. Bd2 d4 18. Ne4 Qh5 19. h4 f5 20. Nf2 Be7 21. Bxc6+ bxc6
22. Kg2 g5 23. Qa4 Rc8 24. Bxg5 Qxg5 0-1

[Event "DVM U16 2019"]
[Site "Magdeburg GER"]
[Date "2019.12.29"]
[Round "5"]
[White "Vuckovic, Katarina"]
[Black "Frank, Marian"]
[Result "0-1"]
[Termination "normal"]
[Board "8.3"]
[WhiteElo "1309"]
[BlackElo "1286"]
[WhiteTeam "Schachfreunde Augsburg"]
[BlackTeam "ESV Gera"]
[PlyCount "52"]
[WhiteFideId "16232615"]
[BlackFideId "16245059"]
[EventCountry "GER"]
[EventRounds "7"]
[EventType "team-swiss"]
[EventDate "2019.12.26"]

1. e4 e5 2. Nf3 Nc6 3. d4 exd4 4. Bc4 Be7 5. c3 dxc3 6. Qd5 Nh6 7. Bxh6 O-O 8.
Bc1 Nb4 9. Qh5 Nc2+ 10. Kd1 Nxa1 11. Ne5 d5 12. exd5 c2+ 13. Ke2 cxb1=Q 14. Bd3
g6 15. Qh6 Qxa2 16. d6 Qxd6 17. f4 Be6 18. h4 Qad5 19. Rh2 f6 20. Bxg6 Qa6+ 21.
Ke1 Qaa5+ 22. Kf2 Bc5+ 23. Ke2 Bg4+ 24. Nxg4 Qa6+ 25. Ke1 Qf1+ 26. Kxf1 Qd1#
0-1

[Event "DVM U16 2019"]
[Site "Magdeburg GER"]
[Date "2019.12.29"]
[Round "5"]
[White "Schulter, Moritz"]
[Black "Hamkar, Behzad"]
[Result "1-0"]
[Termination "normal"]
[Board "8.4"]
[WhiteElo "1598"]
[BlackElo "1223"]
[WhiteTeam "ESV Gera"]
[BlackTeam "Schachfreunde Augsburg"]
[PlyCount "121"]
[WhiteFideId "16245067"]
[BlackFideId "16255631"]
[EventCountry "GER"]
[EventRounds "7"]
[EventType "team-swiss"]
[EventDate "2019.12.26"]

1. c4 e5 2. Nc3 Nc6 3. g3 d6 4. Bg2 Be6 5. b3 Qd7 6. Bb2 h5 7. h4 Be7 8. Nd5
Bd8 9. Nf3 f6 10. d3 g5 11. a3 gxh4 12. Nxh4 f5 13. Qc2 Rh7 14. O-O-O Qf7 15.
e3 Nf6 16. e4 Nd7 17. Nxf5 Bxf5 18. exf5 Rg7 19. Qe2 h4 20. Bf3 Qxf5 21. gxh4
Nf6 22. Nxf6+ Bxf6 23. Rdg1 Rxg1+ 24. Rxg1 Ke7 25. h5 Qf4+ 26. Qe3 Qxe3+ 27.
fxe3 Rh8 28. Kd2 Kf7 29. Bc3 Ne7 30. e4 Bg7 31. Kc2 Bh6 32. Bd2 Bxd2 33. Kxd2
Ng8 34. Kc3 Nf6 35. Rg5 Rh7 36. Rf5 Ke6 37. Kd2 c6 38. Rg5 Ke7 39. Ke3 Ke6 40.
Kd2 Ke7 41. Kc3 c5 42. b4 b6 43. bxc5 bxc5 44. Kb3 Kd7 45. Ka4 Kc6 46. Ka5 Kb7
47. Rg6 Ne8 48. Re6 Rf7 49. Bd1 Rf1 50. Ba4 Nc7 51. Rxd6 Rb1 52. Bc6+ Kc8 53.
h6 Ra1 54. h7 Rh1 55. Rg6 Ne6 56. Rxe6 Rxh7 57. Rxe5 Kd8 58. Rd5+ Kc7 59. Rd7+
Rxd7 60. Bxd7 Kxd7 61. Kb5 1-0

[Event "DVM U16 2019"]
[Site "Magdeburg GER"]
[Date "2019.12.29"]
[Round "5"]
[White "Leitherer, Johannes"]
[Black "Kamp, Adrian"]
[Result "0-1"]
[Termination "normal"]
[Board "9.1"]
[WhiteElo "1833"]
[BlackElo "1884"]
[WhiteTeam "Stuttgarter SF 1879"]
[BlackTeam "Schachklub Münster 32 e. V."]
[PlyCount "110"]
[WhiteFideId "16261593"]
[BlackFideId "16222466"]
[EventCountry "GER"]
[EventRounds "7"]
[EventType "team-swiss"]
[EventDate "2019.12.26"]

1. e4 c5 2. Nf3 d6 3. d4 cxd4 4. Nxd4 Nf6 5. Nc3 g6 6. Be3 Bg7 7. f3 O-O 8. Qd2
Nc6 9. O-O-O Nxd4 10. Bxd4 Be6 11. g4 Qa5 12. Kb1 Rfc8 13. Nd5 Qxd2 14. Nxf6+
Bxf6 15. Rxd2 Bxd4 16. Rxd4 Rc5 17. Be2 Rac8 18. c3 Kg7 19. f4 Bc4 20. Bxc4
Rxc4 21. Rhd1 e5 22. fxe5 dxe5 23. Rd7 R8c7 24. Rxc7 Rxc7 25. Kc2 Kf6 26. h4
Ke6 27. Rf1 f6 28. b4 b5 29. a4 bxa4 30. Ra1 f5 31. gxf5+ gxf5 32. exf5+ Kxf5
33. Rxa4 Kf4 34. Ra6 Ke3 35. b5 e4 36. Rc6 Re7 37. c4 Ke2 38. c5 e3 39. b6 axb6
40. cxb6 Rb7 41. Rf6 h5 42. Rc6 Ke1 43. Re6 e2 44. Rf6 Rb8 45. Kc1 Rc8+ 46. Kb2
Rd8 47. Kc2 Rd2+ 48. Kc1 Rd4 49. Kc2 Rxh4 50. Kb3 Re4 51. b7 Re8 52. Kb4 Kd2
53. Rd6+ Ke3 54. Re6+ Rxe6 55. b8=Q e1=Q+ 0-1